| 000 | 00519nam a2200181Ia 4500 | ||
|---|---|---|---|
| 008 | 170901s2012 xx 000 0 und d | ||
| 020 | _a9789380239880 | ||
| 082 |
_a631.53 _bS48A |
||
| 100 | _aSingh, Bimla | ||
| 245 | 0 |
_aAgricultural Biotechnology _bAn Analysis |
|
| 260 |
_aDelhi _bVista International Publishing House _c2012 |
||
| 300 | _a288 | ||
| 650 | _aAgriculture and related technologies | ||
| 650 | _aTechnology (Applied sciences) | ||
| 653 | _aAgriculture | ||
| 653 | _aBiotechnology | ||
| 942 |
_2ddc _cBK |
||
| 999 |
_c13926 _d13926 |
||